00241nam a22000977a 4500020001500000082001000015100002200025245004700047260004000094300000900134 a8126104635 a910.3 aA team of experts aAdvanced learner's dictionary of geography aNew DelhibAnmol publicationsc2000 a308p